000 00505nam a2200193 a 4500
001 1770460530209
003 YourLibrary
005 20260207160835.0
008 260207s2002##################000#0#eng##
020 _a9780521526913
082 0 4 _a306.4
_bGRA
100 1 _aGrazia, Victoria De,
_eauthor.
245 1 0 _aThe Culture of Consent :
260 _bCambridge University Press,
_c2002.
300 _a328 pages
650 0 _aHistory.
942 _cENGLISH
040 _aYourLibrary
_beng
_cYourLibrary
999 _c611219
_d611219